00937nab a22001937a 4500003000400000005001700004008004100021040000700062100002700069245011000096260007300206300001500279500003700294505014100331505008200472650001800554650002100572773015000593OSt20251222121412.0190429b xxu||||| |||| 00| 0 spa d cPJ aMarinaro, José Angel10aNeuroderechos humanos. ¿Pueden reconceptualizarse los textos constitucionales? /cJosé Angel Marinaro. cCiudad Autónoma de Buenos Aires :aThomson Reuters La Ley, b2025. ap. 215-227 aCita: TR LALEY AR/DOC/1640/2025. aSumario: I. Introducción.— II. Las opciones en juego.— III. Esquema del ensayo.— IV. Conclusión.— V. Listado de acrónimos. tSi te interesa el texto completo, solicitalo a koha@justierradelfuego.gov.ar  0aDERECHO PENAL 0aDERECHOS HUMANOS0 02658tRevista de derecho penal y criminología. Nº 7 - Agosto 2025dCiudad Autónoma de Buenos Aires : Thomson Reuters La Ley, 2017-x00347914